| 000 | 00756cam a2200265 a 4500 | ||
|---|---|---|---|
| 999 |
_c4133 _d4133 |
||
| 001 | 29357178 | ||
| 003 | OCoLC | ||
| 005 | 20181129112326.0 | ||
| 008 | 931103s1994 cau b 001 0 eng | ||
| 010 | _a93043253 | ||
| 020 | _a0830716734 | ||
| 020 | _a0830716815 (pbk.) | ||
| 040 |
_aDLC _cDLC |
||
| 082 |
_a234.13 _bW132Y |
||
| 092 |
_a234.1 _bW132Y |
||
| 100 | 1 | _aWagner, C. Peter | |
| 245 | 1 | 0 |
_aYour spiritual gifts can help your church grow / _cC. Peter Wagner |
| 250 | _a15th anniversary ed., fully rev. and updated | ||
| 260 |
_aVentura, Calif. : _bRegal Books, _cc1994 |
||
| 300 |
_a272 p. ; _c23 cm |
||
| 504 | _aIncludes bibliographical references and index | ||
| 650 | 0 | _aGifts, Spiritual | |
| 650 | 0 | _aChurch growth | |
| 942 |
_2ddc _cBK |
||